000 01003nam a2200265Ia 4500
003 OSt
005 20220923220441.0
006 a|||||r|||| 00| 0
007 ta
008 220922b |||||||| |||| 00| 0 hin d
024 _a186,744
037 _cTextual
040 _aARTS
_cARTS
_bhin
041 _2hin
_ahin
082 _aX.2'N5, 152K2
100 _aराव, वी के आर वी
_9164228
245 0 _aनिर्माण की राह पर हमारा राष्ट्र, अनु गार्गी गुप्त
246 _aNirmāṇ kī rāh par hamārā rāṣhṭra, anu0 gārgī gupta
260 _aदिल्ली
_b दिल्ली पुस्तक सदन
_c1962
300 _a67पृ.
_ccm.
650 _a भारतीय अर्थव्यवस्था
650 _aअर्थशास्त्र
942 _hX.2'N5, 152K2
_cTEXL
_2CC
999 _c339987
_d339987